000 00445nam a22001577a 4500
999 _c40575
_d40575
003 OSt
005 20201230134859.0
008 191011b ||||| |||| 00| 0 eng d
040 _coclc
082 _a613.7
_bNAI/D
100 _aNair, Govindan
_97992
245 _a30 Divasam Kondu Yoga Padikkam /
_cGovindan Nair
260 _aKozhikode:
_bOrient Books,
300 _a72p
942 _2ddc
_cBK
_h613.7
_k613.7
_iNAI/D
_mNAI/D